000 00317nam a2200133Ia 4500
008 240624s9999 xx 000 0 und d
041 _aeng
082 _a891.43 JOS
100 _aJOSHI SHARAD
245 _aPRATIDIN
260 _c2010
_aNew Delhi
_bKitabghar Prakashan
300 _a428 : p. : cm. ; 22
365 _cRS
999 _c17165
_d17165